| 000 | 00689nam a22002417a 4500 | ||
|---|---|---|---|
| 999 |
_c4308 _d4308 |
||
| 003 | AR-CdUCM | ||
| 008 | 190308b ||||| |||| 00| 0 spa d | ||
| 020 | _a968-16-1643-X | ||
| 040 |
_aMUNICIPALIDAD PROVINCIAL DEL CUSCO _cBIBLIOTECA MUNICIPAL DEL CUSCO |
||
| 082 |
_a869.156 / _bP33 |
||
| 100 |
_aPaz, Octavio _913612 |
||
| 245 | _aEl Laberinto de la Sociedad / | ||
| 260 |
_aMexico : _bFondo de Cultura Economica, _c1959. |
||
| 300 |
_a191 paginas ; _c21cm. |
||
| 440 |
_aLecturas Mexicanas _n27 _913613 |
||
| 500 | _aNovela | ||
| 650 |
_aLectura _92069 |
||
| 650 |
_aMexicana _913614 |
||
| 650 |
_aLiteratura _983 |
||
| 650 |
_aMexico _918 |
||
| 942 |
_2ddc _cLIBROS |
||
| 945 | _apjha | ||